Joe bart quiz - Statistics

General Stats
  • This quiz has been taken 108 times
  • The average score is 8 of 11
Answer Stats
Hint Answer % Correct
How many youtube channels does Joe have? 4
93%
What is Joe's girfriends name? Brooke
89%
In what year was Joe born? 2001
86%
Featured in the Amazon unboxing video, Joe unboxes (and rages at) which Marvel superhero's mask? Iron Man
81%
In which humanity does Joe major in? Philosophy
79%
Every Christmas season, Joe builds which Christmas treat with his chat? Gingerbread house
74%
What is Joe Bart's FULL name? Joseph Bartolozzi
73%
Featured in the back of Joe's setup, what is the name of Joe's sunglasses wearing dummy? Bob
66%
The question mark tattoo on Joe's forearm is inspired by which cartoon? Gravity Falls
42%
The "Chuckle Sandwhich" podcast in which Joe was featured as "The internet's angriest man" is hosted by which other content creator and streamer? Jschlatt
40%
What is Joe's philosophical stance? Agnostic
30%
No matching quizzes found
Score Distribution
Percent of People with Each Score
Percentile by Number Answered
Your Score History
You have not taken this quiz